Greening the Blue Economy in Pomorskie, Poland
Salvato in:
| Natura: | Libro |
|---|---|
| Lingua: | inglese |
| Pubblicazione: |
Paris
OECD
2017
|
| Serie: | OECD Green Growth Studies
|
| Soggetti: | |
| Tags: |
Nessun Tag, puoi essere il primo ad aggiungerne!!
|
MARC
| LEADER | 00000nam a2200000 4500 | ||
|---|---|---|---|
| 001 | 0242468 | ||
| 005 | 20240314123006.4 | ||
| 020 | |a 978-92-64-28149-3 | ||
| 041 | 0 | |a eng | |
| 044 | |a FR | ||
| 245 | 1 | 0 | |a Greening the Blue Economy in Pomorskie, Poland |
| 264 | 1 | |a Paris |b OECD |c 2017 | |
| 300 | |a 93 s. | ||
| 490 | 1 | |a OECD Green Growth Studies | |
| 830 | 0 | |a OECD Green Growth Studies | |
| 610 | 2 | 0 | |a regióny priemyselné |
| 610 | 2 | 0 | |a prístavy |
| 610 | 2 | 0 | |a more |
| 610 | 2 | 0 | |a loďstvo |
| 610 | 2 | 0 | |a podnikanie malé |
| 610 | 2 | 0 | |a podnikanie stredné |
| 610 | 2 | 0 | |a politika environmentálna |
| 610 | 2 | 0 | |a bariéry strategické |
| 610 | 2 | 0 | |a školy vysoké |
| 610 | 2 | 0 | |a vzdelávanie |
| 610 | 2 | 0 | |a zručnosti |
| 610 | 2 | 0 | |a ekonomika ekologická |
| 610 | 2 | 0 | |a podpora zamestnanosti |
| 610 | 2 | 0 | |a Poľsko |